Aplikácia nástrojov finančného manažmentu v podnikoch v oblasti obnoviteľných zdrojov energie

Saved in:
Bibliographic Details
Main Author: Andrejkovič, Marek
Format: Book Chapter
Language:Slovak
Tags: Add Tag
No Tags, Be the first to tag this record!

MARC

LEADER 00000nla a2200000 4500
001 0178421
005 20240502073032.0
041 0 |a slo 
044 |a SK 
245 1 0 |a Aplikácia nástrojov finančného manažmentu v podnikoch v oblasti obnoviteľných zdrojov energie  |c Marek Andrejkovič 
500 |a Abstrakt 
100 1 |a Andrejkovič, Marek